Fundamentos y formulaciones generales de la política educacional
Na minha lista:
| Autor Corporativo: | |
|---|---|
| Formato: | Livro |
| Idioma: | espanhol |
| Publicado em: |
Santiago
CPU
1992
|
| coleção: | Documento de Trabajo, 44
|
| Assuntos: | |
| Tags: |
Adicionar Tag
Sem tags, seja o primeiro a adicionar uma tag!
|
MARC
| LEADER | 00000nam a2200000 a 4500 | ||
|---|---|---|---|
| 001 | UCT1834 | ||
| 003 | CL-VaPUC | ||
| 008 | 961004e19920000CL |||||||||||||||||spa|d | ||
| 082 | 0 | 4 | |a 379.2 |b MIN |2 21 |
| 110 | 2 | |a Ministerio de Educación de Chile |e author |9 370852 | |
| 245 | 1 | 0 | |a Fundamentos y formulaciones generales de la política educacional |
| 300 | |a 36 p | ||
| 942 | |c BK | ||
| 945 | |d 19961004 00:00:00 |a rbrito | ||
| 260 | |a Santiago |b CPU |c 1992 | ||
| 650 | 0 | |a Política educacional |9 308011 | |
| 650 | 0 | |a Calidad de la educación |9 307271 | |
| 650 | 0 | |a Innovaciones pedagógicas |9 307471 | |
| 650 | 7 | |a CAMBIO DE ACTITUD |2 CL-VaPUC |9 335665 | |
| 650 | 0 | |a Adaptación escolar |9 308713 | |
| 583 | |a last modification |c 20160914 10:50:00 |k Rodrigo Vera | ||
| 490 | 0 | |a Documento de Trabajo, 44 | |
| 999 | |c 252222 |d 252220 | ||
| 952 | |0 0 |1 0 |4 0 |6 379_200000000000000_MIN_1992 |7 0 |8 P |9 271961 |a BIBEDU |b BIBEDU |c BIBEDU_PB |d 2019-11-19 |i 3106403 |o 379.2 MIN 1992 |p 3106403 |r 2024-01-25 |w 2019-11-19 |y BK |k EDU | ||
| 952 | |0 0 |1 0 |4 0 |6 379_200000000000000_MIN_1992 |7 0 |8 P |9 271962 |a BIBEDU |b BIBEDU |c BIBEDU_PB |d 2019-11-19 |i 2968932 |o 379.2 MIN 1992 |p 2968932 |r 2024-01-25 |w 2019-11-19 |y BK |k EDU | ||